Financial liberalization, bank market structure, and financial deepening an interest margin analysis

Uložené v:
Podrobná bibliografia
Hlavný autor: Sarr, Abdourahmane
Médium: Kniha
Jazyk:English
Vydavateľské údaje: Washington International Monetary Fund 2000
Edícia:IMF Working Paper WP/00/38
Predmet:
Tagy: Pridať tag
Žiadne tagy, Buďte prvý, kto otaguje tento záznam!

MARC

LEADER 00000nam a2200000 4500
001 c124157
005 20221221082341.4
041 0 |a eng 
044 |a US 
245 1 0 |a Financial liberalization, bank market structure, and financial deepening  |b an interest margin analysis  |c Abdourahmane Sarr 
264 1 |a Washington  |b International Monetary Fund  |c 2000 
300 |a 30 s. 
490 1 |a IMF Working Paper  |v WP/00/38 
830 0 |a IMF Working Paper  |v WP/00/38 
610 2 0 |a liberalizácia 
610 2 0 |a trh menový 
610 2 0 |a úrok 
100 1 |a Sarr, Abdourahmane